| 000 | 00729nam a22002297a 4500 | ||
|---|---|---|---|
| 003 | OSt | ||
| 005 | 20140310181920.0 | ||
| 008 | 130718t xxu||||| |||| 00| 0 eng d | ||
| 020 | _a9780199139385 | ||
| 050 |
_aQA 39.3 _b.T957 2010 |
||
| 082 |
_aTR 510 _bT957fh 2010 |
||
| 100 |
_aTurpin, Claire _91576 |
||
| 245 |
_aOxford GCSE maths for Edexcel : _bfoundation - homework book [pocket size] / _cClaire Turpin |
||
| 260 |
_aOxford : _bOxford University Press, _cc2010. |
||
| 300 |
_a110 p. : _bill. ; _c21 cm. |
||
| 521 | _aFaculty | ||
| 541 | _j1 | ||
| 562 | _e1 | ||
| 650 |
_aMathematics _xExaminations _xStudy guides. _91577 |
||
| 650 |
_aMathematics _xProblems, exercises, etc. _91578 |
||
| 942 |
_2lcc _cBK-TR _kTR |
||
| 999 |
_c6961 _d6961 |
||